000 00320nam a2200121Ia 4500
008 240112s1966-67 xx 000 0 und d
041 _aeng
082 _a616.05
100 _aBEESON P.S.
245 _aTHE YEAR BOOK OF MEDICINE: YEAR BOOK SERIES
260 _bTHE YEAR BOOK PUB CHICAGO
_c1966-67
300 _a826,HB
999 _c1140935
_d1140935